The Finite Element Method for Fluid Dynamics (Record no. 527706)

000 -LEADER
fixed length control field 02187cam a22004457i 4500
001 - CONTROL NUMBER
control field 18112358
003 - CONTROL NUMBER IDENTIFIER
control field NUST
005 - DATE AND TIME OF LATEST TRANSACTION
control field 20211001133647.0
008 - FIXED-LENGTH DATA ELEMENTS--GENERAL INFORMATION
fixed length control field 140411t20142014enka b 001 0 eng d
010 ## - LIBRARY OF CONGRESS CONTROL NUMBER
LC control number 2013372332
015 ## - NATIONAL BIBLIOGRAPHY NUMBER
National bibliography number GBB380500
Source bnb
016 7# - NATIONAL BIBLIOGRAPHIC AGENCY CONTROL NUMBER
Record control number 016490295
Source Uk
020 ## - INTERNATIONAL STANDARD BOOK NUMBER
International Standard Book Number 9789351072317
035 ## - SYSTEM CONTROL NUMBER
System control number (OCoLC)ocn869413341
038 ## - RECORD CONTENT LICENSOR
Staff Name Khadija
040 ## - CATALOGING SOURCE
Original cataloging agency UKMGB
Language of cataloging eng
Transcribing agency UKMGB
Description conventions rda
Modifying agency XII
-- YDXCP
-- BTCTA
-- IXA
-- DLC
042 ## - AUTHENTICATION CODE
Authentication code lccopycat
050 00 - LIBRARY OF CONGRESS CALL NUMBER
Classification number TA640.2
Item number .Z52 2014
082 04 - DEWEY DECIMAL CLASSIFICATION NUMBER
Classification number 620.10601
Edition number 23
Author Mark ZIE
100 1# - MAIN ENTRY--PERSONAL NAME
Personal name Zienkiewicz, O. C.,
Relator term author.
9 (RLIN) 8922
245 14 - TITLE STATEMENT
Title The Finite Element Method for Fluid Dynamics
Statement of responsibility, etc. O. C. Zienkiewicz, R. L. Taylor, P. Nithiarasu.
250 ## - EDITION STATEMENT
Edition statement 7th ed.
264 #1 - PRODUCTION, PUBLICATION, DISTRIBUTION, MANUFACTURE, AND COPYRIGHT NOTICE
Place of production, publication, distribution, manufacture Oxford :
Name of producer, publisher, distributor, manufacturer Butterworth-Heinemann,
Date of production, publication, distribution, manufacture, or copyright notice [2014]
264 #4 - PRODUCTION, PUBLICATION, DISTRIBUTION, MANUFACTURE, AND COPYRIGHT NOTICE
Date of production, publication, distribution, manufacture, or copyright notice ©2014
300 ## - PHYSICAL DESCRIPTION
Extent xxxvi, 544 pages :
Other physical details illustrations ;
Dimensions 24 cm
336 ## - CONTENT TYPE
Content type term text
Source rdacontent
337 ## - MEDIA TYPE
Media type term unmediated
Source rdamedia
338 ## - CARRIER TYPE
Carrier type term volume
Source rdacarrier
504 ## - BIBLIOGRAPHY, ETC. NOTE
Bibliography, etc. note Includes bibliographical references and index.
505 0# - FORMATTED CONTENTS NOTE
Formatted contents note Introduction to the equations of fluid dynamics and the finite element approximation -- Convection-dominated problems : finite element approximations to the convection-diffusion-reaction equation -- The characteristic-based split (CBS) algorithm : a general procedure for compressible and incompressible flow -- Incompressible Newtonian laminar flows -- Incompressible non-Newtonian flows -- Free surface and buoyancy driven flows -- Compressible high-speed gas flow -- Turbulent flows -- Generalized flow and heat transfer in porous media -- Shallow-water problems -- Long and medium waves -- Short waves -- Fluid-structure interaction -- Biofluid dynamics -- Computer implementation of the CBS algorithm.
563 ## - BINDING INFORMATION
Binding note PB
650 #0 - SUBJECT ADDED ENTRY--TOPICAL TERM
Topical term or geographic name entry element Finite element method.
9 (RLIN) 1938
650 #0 - SUBJECT ADDED ENTRY--TOPICAL TERM
Topical term or geographic name entry element Fluid dynamics.
9 (RLIN) 1384
650 #0 - SUBJECT ADDED ENTRY--TOPICAL TERM
Topical term or geographic name entry element Fluid dynamics
General subdivision Mathematical models.
9 (RLIN) 1940
700 1# - ADDED ENTRY--PERSONAL NAME
Personal name Taylor, Robert L.
Fuller form of name (Robert Leroy),
Dates associated with a name 1934-
Relator term author.
9 (RLIN) 82789
700 1# - ADDED ENTRY--PERSONAL NAME
Personal name Nithiarasu, Perumal,
Relator term author.
9 (RLIN) 19101
906 ## - LOCAL DATA ELEMENT F, LDF (RLIN)
a 7
b cbc
c copycat
d 2
e ncip
f 20
g y-gencatlg
942 ## - ADDED ENTRY ELEMENTS (KOHA)
Source of classification or shelving scheme
Koha item type Book
Holdings
Withdrawn status Lost status Source of classification or shelving scheme Damaged status Not for loan Permanent Location Current Location Shelving location Date acquired Full call number Barcode Date last seen Price effective from Koha item type Public note
          School of Mechanical & Manufacturing Engineering (SMME) School of Mechanical & Manufacturing Engineering (SMME) General Stacks 08/06/2019 620.10601 ZIE SMME-3484 08/06/2019 08/06/2019 Book Rack,43-Shelf,4
© 2023 Central Library, National University of Sciences and Technology. All Rights Reserved.